Matemática moderna : tomo i /
Guardado en:
| Autor Principal: | |
|---|---|
| Formato: | Libro |
| Publicado: |
Buenos Aires :
Eudeba,
1968
|
| Materias: | |
| Etiquetas: |
Agregar Etiqueta
Sin Etiquetas, Sea el primero en etiquetar este registro!
|
| LEADER | 00823nam a22001695a 4500 | ||
|---|---|---|---|
| 001 | CEM.cems004884 | ||
| 005 | 20060217000000.0 | ||
| 008 | 130507s1968##################000#0#####d | ||
| 003 | CEMS | ||
| 082 | 0 | 4 | |a 510 |
| 100 | 1 | |a Papy | |
| 245 | 1 | 0 | |a Matemática moderna : |b tomo i / |
| 260 | |a Buenos Aires : |b Eudeba, |c 1968 | ||
| 300 | |a 459 p. | ||
| 505 | 0 | |a Graduaciónes de la recta; Axioma de Arquimides; Sub-graduaciónes de la recta; Numeros reales; Teorema de Thales; Homotecias; La multiplicación de numeros reales; La multiplicación escalar; El cuerpo ordenado de numeros reales; Numeros raciónales y numeros irraciónales; Los vectoriales; Ecuaciónes de la recta en el plano; Semiplanos e inecuaciónes; Cambio de referencias sobre una recta | |
| 653 | |a Matematica | ||
| 859 | |a CEMS |b BIB. CEMS - 11 de abril |h 510 |i P197/I |p 1563.74 |t Ej.1 | ||
